Le Deni De Justice Formel Dans La Jurisprudence Du Tribunal Federal / (Record no. 71443)
[ view plain ]
| 000 -LEADER | |
|---|---|
| fixed length control field | 01061cac a2200289 i 4500 |
| 003 - CONTROL NUMBER IDENTIFIER | |
| control field | EG-GICUC |
| 005 - DATE AND TIME OF LATEST TRANSACTION | |
| control field | 20260416131342.0 |
| 008 - FIXED-LENGTH DATA ELEMENTS--GENERAL INFORMATION | |
| fixed length control field | 260416s1951 fr ||||fr 000 0 fre d |
| 040 ## - CATALOGING SOURCE | |
| Original cataloging agency | DLC |
| Transcribing agency | DLC |
| Modifying agency | DLC |
| -- | EG-GICUC |
| Language of cataloging | fre |
| Description conventions | rda |
| 041 ## - LANGUAGE CODE | |
| Language code of text/sound track or separate title | fre |
| 082 00 - DEWEY DECIMAL CLASSIFICATION NUMBER | |
| Edition number | 21 |
| Classification number | 343.118225 |
| Item number | UN. D |
| 092 04 - LOCALLY ASSIGNED DEWEY CALL NUMBER (OCLC) | |
| Edition number | 21 |
| 099 ## - LOCAL FREE-TEXT CALL NUMBER (OCLC) | |
| Classification number | Law1 10 343.118225 UN. D 1951 |
| 110 2# - MAIN ENTRY--CORPORATE NAME | |
| Corporate name or jurisdiction name as entry element | Université De Lausanne. |
| Subordinate unit | Faculté De Droit. |
| 245 13 - TITLE STATEMENT | |
| Title | Le Deni De Justice Formel Dans La Jurisprudence Du Tribunal Federal / |
| Statement of responsibility, etc. | Université De Lausanne.faculté De Droit |
| 264 1# - PRODUCTION, PUBLICATION, DISTRIBUTION, MANUFACTURE, AND COPYRIGHT NOTICE | |
| Place of production, publication, distribution, manufacture | Lausanne, Paris ; |
| Name of producer, publisher, distributor, manufacturer | Imprimerie H. Jaunin S. A., |
| Date of production, publication, distribution, manufacture, or copyright notice | 1951. |
| 300 ## - PHYSICAL DESCRIPTION | |
| Extent | 102 page ; |
| Dimensions | 24 cm. |
| 336 ## - CONTENT TYPE | |
| Content type term | text |
| Content type code | txt |
| Source | rdacontent |
| 337 ## - MEDIA TYPE | |
| Media type term | unmediated |
| Media type code | n |
| Source | rdamedia |
| 338 ## - CARRIER TYPE | |
| Carrier type term | volume |
| Carrier type code | nc |
| Source | rdacarrier |
| 500 ## - GENERAL NOTE | |
| General note | Thèse De Licence Présentée À La Faculté De Droit De L'université De Lausanne Par Claude Rossel.<br/> |
| 650 14 - SUBJECT ADDED ENTRY--TOPICAL TERM | |
| Topical term or geographic name entry element | Sciences Criminelles |
| 650 14 - SUBJECT ADDED ENTRY--TOPICAL TERM | |
| Topical term or geographic name entry element | Tribunaux fédéraux |
| 856 40 - ELECTRONIC LOCATION AND ACCESS | |
| Uniform Resource Identifier | <a href="https://fll.law.cu.edu.eg/fulltext/bks/ENGB06-00049.pdf">https://fll.law.cu.edu.eg/fulltext/bks/ENGB06-00049.pdf</a> |
| 905 ## - Cataloger and Reviser Names | |
| Cataloger Name: | Mohamed Yosri |
| 942 ## - ADDED ENTRY ELEMENTS (KOHA) | |
| Source of classification or shelving scheme | Dewey Decimal Classification |
| Koha item type | Books |
| Edition | 21 |
| Suppress in OPAC | No |
| Withdrawn status | Lost status | Source of classification or shelving scheme | Damaged status | Not for loan | Collection | Home library | Current library | Date acquired | Total checkouts | Full call number | Barcode | Date last seen | Copy number | Price effective from | Koha item type |
|---|---|---|---|---|---|---|---|---|---|---|---|---|---|---|---|
| Dewey Decimal Classification | Not for loan | القانون الجنائي | جــــامعة القــاهرة | مكتبة كلية الحقوق - المبنى الرئيسي | 16.04.2026 | Law1 10 343.118225 UN. D 19511009091 C1 | B10-09091 | 16.04.2026 | 1 | 16.04.2026 | Books |